000 00346nam a2200109Ia 4500
008 200302s9999 xx 000 0 und d
100 _aKenneth Williamson
245 _aDevelopment and Design of Heritage Sensitive Sites Strategies for Listed Buildings and Conservation areas
260 _bTaylor &Francis Group
260 _c2010
300 _a201 P.,
999 _c3242
_d3242